Slavery ordained of God: the southern slaveholders' view of biblical history and modern politics

Gardado en:
Detalles Bibliográficos
Autor Principal: Genovese, Eugene D (Author)
Formato: Libro
Idioma:inglés
Publicado: Gettysburg Gettysburg College 1985
Series:Fortenbaugh Memorial Lecture Gettysburg College
Subjects:
Tags: Engadir etiqueta
Sen Etiquetas, Sexa o primeiro en etiquetar este rexistro!

MARC

LEADER 00000nam a2200000 a 4500
001 UCH1434
003 CL-VaPUC
008 090427e19850000us |||||||||||||||||eng|d
082 0 4 |a 973.7  |b GEN  |2 21 
100 0 |a Genovese, Eugene D  |e author  |9 535920 
245 1 0 |a Slavery ordained of God: the southern slaveholders' view of biblical history and modern politics 
300 |a 31 p 
942 |c BK 
945 |d 20090427 00:00:00  |a rbrito 
260 |a Gettysburg  |b Gettysburg College  |c 1985 
650 0 |a Historia de Estados Unidos  |9 354186 
650 0 |a Esclavitud  |9 323605 
650 0 |a Guerra civil  |9 320243 
651 0 |a Estados Unidos  |9 255178 
583 |a last modification  |c 20171218 11:52:42  |k Rodrigo Vera 
490 0 |a Fortenbaugh Memorial Lecture Gettysburg College 
999 |c 333473  |d 333471 
952 |0 0  |1 0  |4 0  |6 973_700000000000000_GEN_1985  |7 0  |8 A  |9 421908  |a BIBHIS  |b BIBHIS  |d 2019-11-22  |i 4539583  |o 973.7 GEN 1985  |p 4539583  |r 2025-01-20  |w 2019-11-22  |y BK  |k HIS